| 000 | 00621nam a2200229 a 4500 | ||
|---|---|---|---|
| 005 | 20210219153300.0 | ||
| 008 | 991125n 000 0 u | ||
| 035 | _aUPN01000088446 | ||
| 100 | _aBlack, Susan | ||
| 222 | _aEDUCATIONAL LEADERSHIP | ||
| 245 | _aMorning programs revisited | ||
| 300 | _a50-52 | ||
| 362 | _a50, No. 7, 1993 | ||
| 505 | _aAgosto 1993 | ||
| 653 | 0 | _aACTIVIDADES DE APRENDIZAJE | |
| 653 | 0 | _aAMBIENTE EDUCATIVO | |
| 653 | 0 | _aCOMPROMISOS COMUNITARIOS | |
| 653 | 0 | _aPARTICIPACION DE LOS PADRES | |
| 653 | 0 | _aPARTICIPACION DEL ESTUDIANTE | |
| 904 |
_aAC _b026257 |
||
| 905 | _aArticulo | ||
| 999 |
_c73013 _d73013 |
||